[Event "Alcoy Region-ch Preferente"]
[Site "Alcoy"]
[Date "2016.10.08"]
[Round "2"]
[White "Gomez Maestro, Gustavo"]
[Black "Bravo Perez, Miguel"]
[Result "1/2-1/2"]
[WhiteElo "1712"]
[BlackElo "1546"]
[PlyCount "57"]
[EventDate "2016.10.01"]
[EventType "swiss"]
[EventRounds "7"]
[EventCountry "ESP"]
[SourceTitle "EXT 2024"]
[Source "ChessBase"]
[SourceDate "2023.10.10"]
[SourceVersion "1"]
[SourceVersionDate "2023.10.10"]
[SourceQuality "1"]

1. Nf3 d5 2. d4 c6 3. c4 e6 4. Nc3 Bb4 5. cxd5 cxd5 6. Qa4+ Nc6 7. Ne5 Bxc3+ 8. bxc3 Nge7 9. Bf4 0-0 10. e3 Nxe5 11. Bxe5 Ng6 12. Bg3 a6 13. Bd3 Bd7 14. Qb3 b5 15. 0-0 f5 16. Bd6 Rf7 17. Qb4 Qc8 18. Rfc1 Qc6 19. a4 a5 20. axb5 axb4 21. bxc6 Rxa1 22. Rxa1 Bxc6 23. Bxb4 Rb7 24. Ra6 Bd7 25. g3 Kf7 26. Bc5 Bb5 27. Bxb5 Rxb5 28. Bd6 Rb1+ 29. Kg2 1/2-1/2